• 首页
  • 本馆介绍
  • 公告通知
  • 最新文献
  • 馆藏检索
  • 电子资源
  • 读者导购
  • 参考咨询
  • 我的图书馆
  • 登录
  • 详细信息显示
  • 放入我的书架
  • 预约/预借图书
  • 作者相关作品
  • 分类相关作品
  • 丛书相关作品
  • 出版社相关作品

书目信息

  • 表格格式
  • 工作单格式
  • 卡片格式
题名:
让每一颗星星都闪亮
    
 
作者: 顾亚莉 著
分册:   基于STARS教育特色的学校发展之路
出版信息: 北京   光明日报出版社  2019.01
页数: 226页
开本: 24cm
丛书名:
单 册:
中图分类: G622.0
科图分类:
主题词: 小学教育--教学研究
电子资源:
ISBN: 978-7-5194-4751-9
000 01876nam0 2200241 450
001 0103152648
005 20201103152730.0
010    @a978-7-5194-4751-9@dCNY48.00
100    @a20190406d2019 em y0chiy50 ea
101 0  @achi
102    @aCN@b110000
105    @aak z 000yy
106    @ar
200 1  @a让每一颗星星都闪亮@Arang mei yi ke xing xing dou shan liang@i基于STARS教育特色的学校发展之路@f顾亚莉著
210    @a北京@c光明日报出版社@d2019.01
215    @a226页@c图@d24cm
300    @a本书由宁海县教育局专项资金资助出版
330    @a本书讲述的是一位校长如何带领一所全新的小学在短短五年获得全面成长的故事。推出此书的宁海县星海小学坐落在全国生态示范县---浙江省宁海县美丽的杜鹃山脚下,是一所年轻的现代化小学,是宁波市首批课改样本学校和宁波市智慧教育首批示范学校。“日星日新,让每一颗星星的闪亮”是学校的校训,既富文化内涵又不失现代感。作为目前宁波颇有些声望的学校,其成功的核心要素在于星海人对教育的热情与追求,编织出了富有星海特色的教育梦。包容大气的校园文化秉承了百年“遗惠”的历史文化,无论是学生还是教师,都在一个宽松安全的环境中显示出独特的个性,展现着自己的才华。本书对学校特色化发展的历程进行清晰的梳理,展现了学校在特色化发展过程中向高品学校发展的努力探索。五年磨一剑,星海人在集名师与名校长于一身的顾亚莉校长的引领下,与时俱进不断思考学校的育人目标、文化理念、教育哲学,科学地进行顶层设计,建设STARS特色教育。作者顾亚莉以校长的视角记述了五年来学校特色化发展的全面探索。全书共分为八章,主要内容包括学校办学理念、学校文化构建、课程建设、学校德育、教师队伍建设、学生评价、家校共育、办学成效等内容。为每一位学生提供适性的教育,为每个学生提供适合的课程,研究并制定具有学校特色的办学方案,走特色办学之路,在这个意义上讲,星海小学无疑做出了有益的探索,本书无疑是一本很好的学校特色化发展的教科书。
606 0  @a小学教育@x教学研究
690    @aG622.0@v55
701  0 @a顾亚莉@Agu ya li@4著
801  0 @aCN@bBJSZM@c20201103
905    @b1256086-90@dG622.0@e1039@f5
    
    让每一颗星星都闪亮.基于STARS教育特色的学校发展之路/顾亚莉著.-北京:光明日报出版社,2019.01
    226页:图;24cm
    本书由宁海县教育局专项资金资助出版
    
    ISBN 978-7-5194-4751-9:CNY48.00
    本书讲述的是一位校长如何带领一所全新的小学在短短五年获得全面成长的故事。推出此书的宁海县星海小学坐落在全国生态示范县---浙江省宁海县美丽的杜鹃山脚下,是一所年轻的现代化小学,是宁波市首批课改样本学校和宁波市智慧教育首批示范学校。“日星日新,让每一颗星星的闪亮”是学校的校训,既富文化内涵又不失现代感。作为目前宁波颇有些声望的学校,其成功的核心要素在于星海人对教育的热情与追求,编织出了富有星海特色的教育梦。包容大气的校园文化秉承了百年“遗惠”的历史文化,无论是学生还是教师,都在一个宽松安全的环境中显示出独特的个性,展现着自己的才华。本书对学校特色化发展的历程进行清晰的梳理,展现了学校在特色化发展过程中向高品学校发展的努力探索。五年磨一剑,星海人在集名师与名校长于一身的顾亚莉校长的引领下,与时俱进不断思考学校的育人目标、文化理念、教育哲学,科学地进行顶层设计,建设STARS特色教育。作者顾亚莉以校长的视角记述了五年来学校特色化发展的全面探索。全书共分为八章,主要内容包括学校办学理念、学校文化构建、课程建设、学校德育、教师队伍建设、学生评价、家校共育、办学成效等内容。为每一位学生提供适性的教育,为每个学生提供适合的课程,研究并制定具有学校特色的办学方案,走特色办学之路,在这个意义上讲,星海小学无疑做出了有益的探索,本书无疑是一本很好的学校特色化发展的教科书。
●
相关链接 在E读中查询图书 在五车中查询图书 在当当中查询图书 在豆瓣中查询图书


正题名:让每一颗星星都闪亮     索取号:G622.0/1039         预约/预借

序号 登录号 条形码 馆藏地/架位号 状态 备注
1 1256086   212560860   第一样本阅览室/ [索取号:G622.0/1039] 在馆    
2 1256087   212560879   教育系资料室/ [索取号:G622.0/1039] 在馆    
3 1256088   212560888   教育系资料室/ [索取号:G622.0/1039] 在馆    
4 1256089   212560897   第四借阅区/ [索取号:G622.0/1039] 在馆    
5 1256090   212560904   第四借阅区/ [索取号:G622.0/1039] 在馆    
唐山师范学院图书馆 欢迎您!
大连网信软件有限公司© 版权所有